Statistics for Batman villain quiz (easy- medium)

Click here to take the quiz!

General Stats

  • This quiz has been taken 59 times
  • The average score is 10 of 15

Answer Stats

QuestionAnswer% Correct
What did bane break in batmans bodyHis back/spine
100%
What is killer crocs real nameWaylon jones
87%
Who was the jokers voice actor in batman the animated series?Mark hamil
83%
What is the name of mr freezes wife?Nora
81%
in the poular video game batman arkham asylum what did riddler hide around the map?Riddler trophies
81%
What form of gas does scare crow useFear
75%
What is mad hatter obsesed withalice in the wonderland
69%
What day was solomon grundy born on?Monday
69%
Who does hugo strange dress up as in secretBatman
67%
What lego batman villain do fight in the first levelClay face
62%
How tall is the penguin4'10
56%
What did kirk langstrom try to cureDeafness
38%
how did harvey dent turn into two facefalling in acid
38%
Roughly how many kills does viktor zsasz have143
35%
What two months are on callander mans faceFebuary and March
19%

Score Distribution

Percentile by Number Answered

Percent of People with Each Score

Your Score History

You have not taken this quiz